00403pab a2200133 454500008004000000100002100040245008300061260000900144300001400153362001200167650004100179650002500220773002400245180718b2007 xxu||||| |||| 00| 0 eng d aHeppell, Timothy aWeak and ineffective? Reassessing the party political leadership of John major c2007 ap.382-91. aJul-Sep aPolitical leadership - Great Britain aPolitical leadership aPolitical Quarterly